000 00281nam a2200133Ia 4500
100 _aBhandarkar/B.G.
942 _cBK
654 _aPhysics
245 _aEngineering physics
260 _bVrinda publication
_aJalgaon
_c1981
082 _a530
300 _a155
546 _aENGLISH
999 _c23617
_d23617